| 000 | 00344nam a2200121Ia 4500 | ||
|---|---|---|---|
| 008 | 150202s9999 xx 000 0 und d | ||
| 050 |
_aFIC _bFIC |
||
| 100 | _aUntermeyer, Louis. | ||
| 245 | 4 |
_aThe pocket of Ogden Nash / _cLouis Untermeyer. |
|
| 260 |
_aNew York : _bPocket Books, _c1972. |
||
| 300 |
_a200 pages : _c18 cm. |
||
| 650 | _aFiction. | ||
| 999 |
_c282465 _d282465 |
||